Normal view MARC view

Entry Personal Name

Number of records used in: 1

001 - CONTROL NUMBER

  • control field: 764772

003 - CONTROL NUMBER IDENTIFIER

  • control field: OSt

005 - DATE AND TIME OF LATEST TRANSACTION

  • control field: 20250508153951.0

008 - FIXED-LENGTH DATA ELEMENTS

  • fixed length control field: 250508|| aca||aabn | a|a d

040 ## - CATALOGING SOURCE

  • Original cataloging agency: OSt
  • Transcribing agency: OSt

100 ## - HEADING--PERSONAL NAME

  • Personal name: Brown Muriel W

670 ## - SOURCE DATA FOUND

  • Source citation: Work cat.: (OSt)1346680: Brown Muriel W., With focus on family living : The story of four experiments in community organization for family life education, 1956
Copyright @ Delhi University Library System